Mountains and Hills of the UK (Map) Quiz Stats

 Plays Quiz not verified by Sporcle

Score 0/50 Timer 08:00
0 Plays Today
% Correct
PENNINES
77.2%
SNOWDONIA
75.5%
Lake District
74.2%
Dartmoor
69.5%
Exmoor
66.6%
Peak District
65.5%
South Downs
60.9%
GRAMPIAN MTS.
59.7%
Brecon Beacons
59.1%
North Downs
52.8%
Cotswold Hills
52.7%
Chiltern Hills
52.4%
North York Moors
49.4%
Cairngorm Mts.
49.2%
Yorkshire Dales
48.1%
S C O T T I S H - H I G H L A N D S
47.9%
Cheviot Hills
47.7%
Mendip Hills
41%
CAMBRIAN MTS.
38.9%
Bodmin Moor
38.2%
Malvern Hills
38%
SOUTHERN UPLANDS
36.6%
Black Mts.
31.7%
NORTH-WEST HIGHLANDS
30.7%
North Pennines
29.8%
% Correct
Lincolnshire Wolds
29.1%
Quantock Hills
29.1%
Mourne Mts.
27.8%
Yorkshire Wolds
27.1%
South Pennines
25.9%
High Weald
25.7%
Pentland Hills
21.6%
Shropshire Hills
21.4%
Cuillin Hills
21.1%
Forest of Bowland
20.4%
Berkshire Downs
19.3%
Ochil Hills
18.6%
Glens of Antrim
18.6%
Blackdown Hills
18%
Sperrin Mts.
17.2%
Campsie Fells
15.2%
Preseli Hills
15.1%
Lammermuir Hills
14.7%
Berwyn Mts.
13.3%
Clwydian Hills
12.9%
Sidlaw Hills
12.4%
Moorfoot Hills
11.8%
Monadhliath Mts.
9.7%
Mynydd Epynt
9.1%
Mynydd Hiraethog
7.8%

You're not logged in!

Compare scores with friends on all Sporcle quizzes.
OR
Log In

Show Comments

Extras

Top Quizzes Today


Score Distribution

Your Account Isn't Verified!

In order to create a playlist on Sporcle, you need to verify the email address you used during registration. Go to your Sporcle Settings to finish the process.

Report this User

Report this user for behavior that violates our Community Guidelines.

Details: